00395 a2200121 4500001001000000005001700010008004100027245006700068100002700135700001900162700001900181773007300200ART_4359320260410162024.0260409a 10aNondiscrimination rules and the distribution of fringe benefit1 aCarrington, William J.1 aMcCue, Kristin1 aPierce, Brooks0 tJournal of labor economicsg- Vol. 20, NÂș 2/2 (abr. 2002)wREV43438